Sports Quiz

Random Sports or NBA Quiz

Best Player from each NBA Team Ranked Quiz Stats

 Plays Quiz not verified by Sporcle

Challenge
Share
Tweet
Embed
Score 0/30 Timer 09:00
0 Plays Today
Team Answer % Correct
BullsMichael Jordan
97.3%
CavaliersLeBron James
97.3%
HeatLeBron James
97.3%
LakersKobe Bryant
92.3%
SpursTim Duncan
89.6%
CelticsBill Russell
85.2%
MagicShaquille O'neal
84.2%
ThunderKevin Durant
83.1%
PelicansAnthony Davis
78.7%
BucksKareem Abdul-Jabbar
78.7%
RocketsHakeem Olajuwon
78.1%
ClippersChris Paul
77.6%
WarriorsWilt Chamberlain
76%
MavericksDirk Nowitzki
74.3%
RaptorsVince Carter
70.5%
Team Answer % Correct
TimberwolvesKevin Garnett
70.5%
KnicksPatrick Ewing
68.3%
PacersReggie Miller
68.3%
JazzJohn Stockton
67.8%
GrizzliesMarc Gasol
65.6%
PistonsIsiah Thomas
62.8%
SunsSteve Nash
62.3%
HawksWilkins
61.7%
TrailblazersClyde Drexler
56.8%
KingsOscar Robertson
55.7%
NetsJason Kidd
52.5%
HornetsAlonzo Mourning
41%
NuggetsAlex English
38.3%
WizardsElvin Hayes
25.1%
76ersJulius Irving
16.4%

You're not logged in!

Compare scores with friends on all Sporcle quizzes.
Join for Free
OR
Log In

You Might Also Like...

Show Comments

Extras

Created Jun 16, 2017ReportNominate
Tags:NBA Quiz, KOT4Q, Mike Korzemba

Top Quizzes Today


Score Distribution

Your Account Isn't Verified!

In order to create a playlist on Sporcle, you need to verify the email address you used during registration. Go to your Sporcle Settings to finish the process.

Report this User

Report this user for behavior that violates our Community Guidelines.

Details: